000
00285nam a22001337a 4500
008
181002b xxu||||| |||| 00| 0 eng d
020
_a
013576340
041
_a
eng
080
_a
316
100
_a
50
101
_a
SOC
245
_a
Modern sexism
_c
Benokraitis,N.V
942
_2
udc
_c
BK
999
_c
48781
_d
48781